Quiz sulle Figi - Statistics

Statistiche generali
  • Questo quiz è stato fatto 375 volte
  • Il punteggio medio è 10 su 19
Statistiche sulle risposte
Hint Risposta % Corretto
Inglese
94%
Paese che ha colonizzato le Figi dal 1874 al 1987 Regno Unito
90%
Paese situato a circa 2000 km a sud delle Figi Nuova Zelanda
79%
Sport più popolare Rugby
78%
Capitale Suva
77%
Moneta Dollaro figiano
74%
Nelle Figi come in altre zone dell'Oceania si praticava questa macabra usanza Cannibalismo
71%
Lingue ufficiali Figiano
64%
Sottoregione oceanica di cui fanno parte le Figi {Mela}nesia
64%
Tipo di crisi politica che le Fiji hanno vissuto nel 2007, 2000 e due volte nel 1987 Colpo di stato
49%
Il primo europeo a vedere le isole Figi nel 1643 fu questo esploratore olandese Abel Tasman
42%
Le Figi e la Russia sono gli unici due paesi con territori posti su questa principale linea di longitudine 180° Meridiano
37%
Seconda isola più grande {Vanua} Levu
35%
Sport giocato da Vijay Singh, uno degli atleti di maggior successo delle Fiji Golf
33%
Isola più grande, con più della metà della superficie e della popolazione delle Figi {Viti} Levu
32%
Hindi figiano
31%
Ramo protestante a cui appartiene circa il 35% dei figiani M{etodismo}
29%
Maggiore coltivazione Canna da zucchero
27%
Città con il maggior numero di turisti e il più grande aeroporto Nadi
21%
Nessun quiz corrispondente trovato
Distribuzione punteggi
Percentuale di utenti per punteggio
Percentile per numero di risposta
I tuoi punteggi nel tempo
Non hai fatto questo quiz